| 000 | 00423nam a2200133Ia 4500 | ||
|---|---|---|---|
| 008 | 231129s2010||||xx |||||||||||||| ||spa|| | ||
| 020 | _a978-958-706-235-9 | ||
| 040 | _bspa | ||
| 082 | _a333.9516 E96e | ||
| 245 | 0 | _aExpedición Colombia : fauna flora y áreas protegidas de nuestro país | |
| 260 | _c2010 | ||
| 264 | _aBogotá Colombia : Casa Editorial El Tiempo | ||
| 942 |
_2ddc _cBKS |
||
| 999 |
_c13788 _d13788 |
||